000 00291nam a2200133Ia 4500
100 _aRoss/Robert B
942 _cBK
654 _ahandbook
245 _aHandbook of metal treatment and testing
260 _bE. and F.N
_c1977
082 _a671.7
_bROS
300 _a467
546 _aENGLISH
999 _c34735
_d34735